| 000 | 01350nam a22002417a 4500 | ||
|---|---|---|---|
| 999 |
_c60137 _d60137 |
||
| 003 | Ge_BSU | ||
| 005 | 20230612152105.0 | ||
| 008 | 230612s2007 ge ||||| |||| 00| 0 geo d | ||
| 020 | _a9789994059904 | ||
| 041 | _ageo | ||
| 080 | _a091(=353.1) მ-59 | ||
| 100 |
_aმეტრეველი, ელენე _93397 |
||
| 245 |
_aფილოლოგიურ-ისტორიული ძიებანი : _bნაკვ. 1 / _cელენე მეტრეველი ; რედ.: თამარ ოთხმეზური, თინათინ ცერაძე ; ხელნაწერთა ეროვნ. ცენტრი. |
||
| 264 |
_aთბილისი : _bარტანუჯი, _c2007. |
||
| 300 |
_a324 გვ. _b25 სმ. |
||
| 500 | _aეძღვნ. ელენე მეტრეველის დაბადებიდან 90 წლისთავს. | ||
| 504 | _a ბიბლიოგრ. ტექსტ. შენიშვნ. | ||
| 653 | _aქართული ხელნაწერები | ||
| 700 |
_aოთხმეზური, თამარ _eრედაქტორი _914919 |
||
| 700 |
_aცერაძე, თინათინ _eრედაქტორი _918640 |
||
| 710 |
_aხელნაწ. ეროვნ. ცენტრი. _918641 |
||
| 942 |
_2udc _cBK |
||